| 000 | 00786nam a2200205 a 4500 | ||
|---|---|---|---|
| 003 | 0 | ||
| 005 | 20250619130030.0 | ||
| 008 | 021128s19uu xx 00 eng d | ||
| 050 |
_aPGS PN 1992.8.Y4 _b.D362 2000 |
||
| 100 | _aDelos Trinos, Mikhail Devera. | ||
| 245 |
_aTelevision program preference of second year B student of Southville International School / _cMikhail Devera Delos Trinos. |
||
| 260 |
_aLas PiƱas City, Philippines : _bSouthville International School and Colleges, _c2000. |
||
| 300 |
_aUnpaged : _bcolored illustrations ; _c28 cm. |
||
| 504 | _aIncludes bibliographical references. | ||
| 650 | _aTelevision programs. | ||
| 650 |
_aTelevision viewers _vAttitudes. |
||
| 650 | _aTelevision and youth. | ||
| 650 |
_aStudents _vAttitudes. |
||
| 942 |
_2lcc _cPASS |
||
| 999 |
_c96402 _d96402 |
||